[Event "Idaho Closed"]
[Site "Boise, ID"]
[Date "2012.02.18"]
[Round "2.6"]
[White "Edvalson, Paul"]
[Black "Jiang, Nathan"]
[Result "0-1"]
[WhiteElo "1597"]
[BlackElo "1022"]

1. Nf3 Nf6 2. g3 d6 3. Bg2 e5 4. d3 Be7 5. b3 h6 6. Bb2 Nc6 7. c4 Be6 8. e4 a5
9. Nc3 Nb8 10. d4 Nbd7 11. h3 exd4 12. Nxd4 Nc5 13. Nxe6 fxe6 14. Qc2 e5 15.
O-O Qd7 16. Rad1 g5 17. Ne2 Qe6 18. f4 gxf4 19. gxf4 Rg8 20. Kh1 O-O-O 21. a3
Rg7 22. b4 Rdg8 23. f5 Qf7 24. Rf2 Qh5 25. Ng1 Ncxe4 26. Bxe4 Nxe4 27. Rh2
Ng3+ 28. Kg2 Nxf5+ 29. Kf2 Bh4+ 30. Kf1 Rxg1# 0-1

[Event "Idaho Closed"]
[Site "Boise, ID"]
[Date "2012.02.19"]
[Round "3.3"]
[White "Jiang, Nathan"]
[Black "Douglas, Kurt P"]
[Result "1/2-1/2"]
[WhiteElo "1022"]
[BlackElo "1763"]

1. e4 c5 2. Nf3 d6 3. d4 cxd4 4. Nxd4 Nf6 5. Nc3 a6 6. Bg5 e6 7. f4 Qc7 8. Qf3
b5 9. a3 Bb7 10. O-O-O Nbd7 11. g4 Rc8 12. Rd2 d5 13. Bxf6 Nxf6 14. exd5 Nxd5
15. Bg2 Rb8 16. Nxd5 Bxd5 17. Qe3 Bxg2 18. Rxg2 Bd6 19. Rf1 O-O 20. Rd2 Bc5
21. Qe4 {#d} 1/2-1/2

[Event "Idaho Closed"]
[Site "Boise, ID"]
[Date "2012.02.19"]
[Round "4.3"]
[White "Jiang, Nathan"]
[Black "Stark, Jim"]
[Result "0-1"]
[WhiteElo "1022"]
[BlackElo "1655"]

1. e4 c6 2. d4 d5 3. e5 Bf5 4. Bd3 Bxd3 5. Qxd3 e6 6. f4 Ne7 7. g4 Nd7 8. Be3
Rc8 9. b4 Ng6 10. Nf3 Bxb4+ 11. c3 Ba5 12. h4 Bb6 13. Ng5 c5 14. h5 Ngf8 15.
f5 cxd4 16. cxd4 Ba5+ 17. Ke2 Qb6 18. fxe6 fxe6 19. Rf1 Qb2+ 20. Nd2 Rc3 21.
Rab1 Qa3 22. Rbc1 Rxd3 23. Rc8+ Bd8 {#R} 0-1

[Event "Idaho Closed"]
[Site "Boise, ID"]
[Date "2012.02.20"]
[Round "5.5"]
[White "Lundy III, George"]
[Black "Jiang, Nathan"]
[Result "0-1"]
[WhiteElo "1567"]
[BlackElo "1022"]

1. e4 c5 2. Bd3 d5 3. exd5 Qxd5 4. Nf3 Nc6 5. Nc3 Qd8 6. O-O e5 7. Bb5 Be6 8.
Bxc6+ bxc6 9. Re1 Qc7 10. Ne4 Be7 11. h3 Nf6 12. d3 O-O 13. Bg5 Nxe4 14. Rxe4
f6 15. Bh4 Bf5 16. Re2 Rad8 17. Qe1 Rfe8 18. Bg3 Bd6 19. Nh4 Be6 20. f4 Bf7
21. f5 c4 22. Kh2 cxd3 23. cxd3 Bc5 24. Rd1 Bxa2 25. b4 Bb3 26. bxc5 Bxd1 27.
Qxd1 Rd5 28. d4 Qd7 29. Qb3 exd4 30. Rxe8+ Qxe8 31. Nf3 Kh8 32. Qb8 Qxb8 33.
Bxb8 a5 34. Nd2 a4 35. Bd6 a3 36. g4 a2 37. Nb3 d3 {#R} 0-1

[Event "ICA Players Mem-Open"]
[Site "Boise, ID"]
[Date "2012.05.19"]
[Round "1.7"]
[White "Jiang, Nathan"]
[Black "Pemsler, Carmen"]
[Result "1-0"]
[WhiteElo "1632"]
[BlackElo "1364"]

1. e4 c6 2. d4 d5 3. Nc3 dxe4 4. Nxe4 Bf5 5. Ng3 Bg6 6. h4 h6 7. Bd3 Bxd3 8.
Qxd3 Nf6 9. Nf3 e6 10. O-O c5 11. Be3 cxd4 12. Nxd4 e5 13. Qb5+ Nc6 14. Nxc6
bxc6 15. Qxc6+ Nd7 16. Rad1 Rc8 17. Qa4 a5 18. Bb6 Qe7 19. Bxa5 Qe6 20. Bc3
Be7 21. Bxe5 f6 22. Bc3 Rc7 23. Rfe1 Qf7 24. Qa8+ {#r} 1-0

[Event "ICA Players Mem-Open"]
[Site "Boise, ID"]
[Date "2012.05.19"]
[Round "2.3"]
[White "Hamilton, Brett B"]
[Black "Jiang, Nathan"]
[Result "1/2-1/2"]
[WhiteElo "1904"]
[BlackElo "1632"]

1. e4 c5 2. Nf3 d6 3. d4 cxd4 4. Nxd4 Nf6 5. Nc3 a6 6. Be2 e5 7. Nb3 Be6 8.
O-O Be7 9. Be3 d5 10. exd5 Nxd5 11. Nxd5 Qxd5 12. Qxd5 Bxd5 13. c4 Bc6 14. Na5
O-O 15. Rfd1 Bb4 16. Nxc6 Nxc6 17. a3 Be7 18. Bb6 Bf6 19. Rab1 Nd4 20. Bd3
Rfe8 21. Be4 Re7 22. Bd5 Rd7 23. Kf1 a5 24. a4 Ra6 25. Bc5 Rc7 26. Bxd4 exd4
27. Rd3 Rb6 28. b3 Kf8 29. Re1 Re7 30. c5 Rb4 31. Rxe7 Bxe7 32. c6 bxc6 33.
Bxc6 {#d} 1/2-1/2

[Event "ICA Players Mem-Open"]
[Site "Boise, ID"]
[Date "2012.05.19"]
[Round "3.2"]
[White "Jiang, Nathan"]
[Black "Olsoy, Peter John"]
[Result "1/2-1/2"]
[WhiteElo "1632"]
[BlackElo "1615"]

1. e4 c5 2. Nf3 Nc6 3. d4 cxd4 4. Nxd4 Nf6 5. Nc3 a6 6. Be2 d6 7. O-O g6 8.
Be3 Bg7 9. h3 O-O 10. Qd2 Bd7 11. Rad1 Nxd4 12. Bxd4 Bc6 13. Bf3 Qc7 14. Qe3
b5 15. Rfe1 Rfe8 16. e5 dxe5 17. Bxe5 Qb7 18. Bxc6 Qxc6 19. Rd2 Rad8 20. Bf4
Rxd2 21. Qxd2 Nd7 22. Nd5 e5 23. Nb4 Qc8 24. Be3 Rd8 25. Rd1 Bf6 26. Nd5 Re8
27. Nxf6+ Nxf6 28. c3 Qe6 29. Qd6 Kg7 30. Qxe6 Rxe6 31. Kf1 Ne4 {#d} 1/2-1/2

[Event "ICA Players Mem-Open"]
[Site "Boise, ID"]
[Date "2012.05.20"]
[Round "4.2"]
[White "Jiang, Nathan"]
[Black "Stark, Jim"]
[Result "1-0"]
[WhiteElo "1632"]
[BlackElo "1670"]

1. e4 c6 2. d4 d5 3. Nc3 dxe4 4. Nxe4 Bf5 5. Ng3 Bg6 6. Bd3 Bxd3 7. Qxd3 e6 8.
Nf3 Nd7 9. Bf4 Ngf6 10. c4 Bb4+ 11. Bd2 Bxd2+ 12. Qxd2 Qc7 13. O-O O-O-O 14.
b4 Nb6 15. Qc3 h5 16. h4 a6 17. Qb3 Nbd7 18. a4 Qf4 19. b5 Kc7 20. Rab1 axb5
21. axb5 c5 22. b6+ Kc8 23. Qa3 cxd4 24. Rfd1 Nb8 25. Ne2 Qd6 26. c5 Qe7 27.
Nexd4 Rd5 28. Nb5 Nfd7 29. Nd6+ Kd8 30. Nxb7+ Ke8 31. Rxd5 exd5 32. Re1 Qxe1+
33. Nxe1 Rh6 34. Nd6+ Kf8 35. c6 {#r} 1-0

[Event "ICA Players Mem-Open"]
[Site "Boise, ID"]
[Date "2012.05.20"]
[Round "5.1"]
[White "Douglas, Kurt P"]
[Black "Jiang, Nathan"]
[Result "1/2-1/2"]
[WhiteElo "1763"]
[BlackElo "1632"]

1. e4 c5 2. Nf3 d6 3. d4 cxd4 4. Nxd4 a6 5. c4 Nf6 6. Nc3 e5 7. Nf3 Be7 8. Be2
O-O 9. O-O Nbd7 10. h3 Nc5 11. a3 Qc7 12. Bg5 Be6 13. b3 h6 14. Be3 Rfe8 15.
Rc1 Qc6 16. Bd3 Nxd3 17. Qxd3 Qd7 18. Nd5 Bxd5 19. cxd5 Rac8 20. Nd2 b5 21.
Nf3 Rxc1 22. Rxc1 Rc8 23. Rc2 Bd8 24. Nd2 Kf8 25. f3 Ke7 26. Nf1 Nh5 27. Qd2
f5 28. Qc1 Rxc2 29. Qxc2 f4 {#d} 1/2-1/2

[Event "ICA Sumr Classic (Open)"]
[Site "Boise, ID"]
[Date "2012.07.14"]
[Round "1.2"]
[White "Hamilton, Brett B"]
[Black "Jiang, Nathan"]
[Result "1/2-1/2"]
[WhiteElo "1777"]
[BlackElo "1695"]

1. Nf3 Nf6 2. d4 d6 3. c4 Nbd7 4. Nc3 e5 5. e4 Be7 6. Be2 O-O 7. O-O c6 8. h3
exd4 9. Nxd4 Nc5 10. Qc2 a5 11. Be3 Qc7 12. Rad1 Re8 13. Bf3 h6 14. Rfe1 Nh7
15. Nf5 Bxf5 16. exf5 Ng5 17. Bg4 Bf6 18. f3 Nh7 19. Ne4 Nxe4 20. fxe4 Bh4 21.
Bf2 Bxf2+ 22. Qxf2 Nf6 23. Bf3 Re5 24. Qd4 Rd8 25. Qf2 Qe7 26. Qg3 d5 27. exd5
Rxe1+ 28. Qxe1 Qc5+ 29. Kh1 Qxc4 30. b3 Qb5 31. dxc6 Rxd1 32. Qxd1 bxc6 33.
Qd8+ Kh7 34. Qc7 Qxf5 35. Bxc6 Kg8 36. Qd8+ Kh7 37. Qd2 Nh5 38. Qe1 Qc5 39.
Qe4+ g6 40. Qc4 Qe7 41. Bf3 Qe1+ 42. Kh2 Qe5+ {#d} 1/2-1/2

[Event "ICA Sumr Classic (Open)"]
[Site "Boise, ID"]
[Date "2012.07.14"]
[Round "2.5"]
[White "Jiang, Nathan"]
[Black "Bruck, Nick Jon"]
[Result "1/2-1/2"]
[WhiteElo "1695"]
[BlackElo "1456"]

1. e4 e5 2. Nf3 d6 3. Bc4 Be7 4. O-O Bg4 5. h3 Bh5 6. d3 Nf6 7. Nc3 O-O 8. Be3
c6 9. g4 Bg6 10. Bb3 Nbd7 11. Nh4 Kh8 12. Nxg6+ fxg6 13. d4 exd4 14. Bxd4 b6
15. Qe2 c5 16. Be3 Ne8 17. Bd5 Rb8 18. Nb5 a5 19. Na7 Ne5 20. f4 Qd7 21. Qa6
Nxg4 22. hxg4 Qxg4+ 23. Kh2 Qh4+ {#d} 1/2-1/2

[Event "ICA Sumr Classic (Open)"]
[Site "Boise, ID"]
[Date "2012.07.14"]
[Round "3.5"]
[White "Longhurst, Corey Kenneth"]
[Black "Jiang, Nathan"]
[Result "0-1"]
[WhiteElo "1574"]
[BlackElo "1695"]

1. d4 Nf6 2. c4 d6 3. Nc3 Nbd7 4. e4 e5 5. d5 Nc5 6. Qc2 a5 7. Be3 Be7 8. Nf3
O-O 9. h3 b6 10. Be2 Bd7 11. O-O h6 12. Rfd1 Nh7 13. Bxc5 bxc5 14. Bd3 Ng5 15.
Nxg5 Bxg5 16. Ne2 Qe7 17. Rf1 Rfb8 18. Kh2 Rb4 19. g3 Bf6 20. Nc3 g5 21. Nb5
Bxb5 22. cxb5 Bg7 23. Bc4 Rb8 24. a3 R4xb5 25. Bxb5 Rxb5 26. Rab1 Qd8 27. Rfc1
Qb8 28. b4 axb4 29. axb4 Rxb4 30. Rxb4 Qxb4 31. Rb1 Qa5 32. Rb8+ Kh7 33. h4
Qa7 34. Qb2 Bf6 35. h5 Qa4 36. Qb7 Qc2 37. Qb2 Qxe4 38. Qb5 Qf3 39. Kg1 Qd1+
40. Kg2 Qxd5+ 41. f3 g4 42. Qb1+ Kg7 43. Qf5 Qxf3+ 44. Qxf3 gxf3+ 45. Kxf3 Bg5
46. Ke4 Kf6 47. Re8 c6 48. Rc8 d5+ 49. Kf3 e4+ 50. Ke2 Ke5 51. Rxc6 Kd4 52.
Ra6 c4 53. Ra1 Kc3 54. Ra5 Kd4 55. Ra1 f6 56. Ra5 c3 57. Kd1 Kc4 58. Ra8 Kd3
59. Rc8 e3 60. Rc5 e2+ 61. Ke1 {#R} 0-1

[Event "ICA Sumr Classic (Open)"]
[Site "Boise, ID"]
[Date "2012.07.15"]
[Round "4.3"]
[White "Jiang, Nathan"]
[Black "Olsoy, Peter John"]
[Result "1/2-1/2"]
[WhiteElo "1695"]
[BlackElo "1696"]

1. e4 c5 2. Nf3 Nc6 3. d4 cxd4 4. Nxd4 Nf6 5. Nc3 a6 6. Be2 d6 7. O-O g6 8.
Be3 Bg7 9. h3 O-O 10. Qd2 Bd7 11. Nb3 Rc8 12. Bh6 Ne5 13. Bxg7 Kxg7 14. Rfe1
b5 15. a3 Qb6 16. Qd4 Qxd4 17. Nxd4 Nc4 18. Bxc4 Rxc4 19. Rad1 Bc6 20. Nxc6
Rxc6 21. Rd2 Rfc8 22. Ree2 Rc5 23. f3 a5 24. Kf1 b4 25. axb4 axb4 26. Na4 Ra5
27. b3 Nd7 28. Rd4 Nc5 29. Nb6 Rb8 30. Nd5 Kf8 31. Nxb4 Ra1+ 32. Re1 Rxe1+ 33.
Kxe1 Ra8 34. Nd3 Nxd3+ 35. Rxd3 Ra2 36. Rc3 Ke8 37. Kf2 Kd7 38. Kg3 e5 39. Rc4
Rb2 40. b4 h6 41. Kh4 Ra2 42. g4 Ra3 43. c3 Rb3 44. g5 h5 45. Kg3 Rb1 {#d}
1/2-1/2

[Event "ICA Sumr Classic (Open)"]
[Site "Boise, ID"]
[Date "2012.07.15"]
[Round "5.1"]
[White "Ong, Chong-Jin"]
[Black "Jiang, Nathan"]
[Result "1/2-1/2"]
[WhiteElo "1721"]
[BlackElo "1695"]

1. e4 c5 2. Nc3 Nc6 3. f4 e5 4. Nf3 Bd6 5. Bb5 Nge7 6. O-O a6 7. Bc4 O-O 8. f5
b5 9. Bd5 b4 10. Bxc6 dxc6 11. Ne2 Bd7 12. d3 f6 13. Qe1 Kf7 14. Qh4 Rh8 15.
h3 Qg8 16. Qf2 Ke8 17. Be3 c4 18. Bc5 Bxc5 19. Qxc5 cxd3 20. cxd3 Rb8 21. Qd6
Rb7 22. Rfc1 Nc8 23. Qc5 Rb5 24. Qf2 Qf8 25. d4 Kf7 26. dxe5 fxe5 27. Rd1 Qe7
28. Qg3 Nd6 {#d} 1/2-1/2

[Event "ICA Players Memorial"]
[Site "Boise, ID"]
[Date "2014.08.23"]
[Round "1.3"]
[White "Zaklan, David Allen"]
[Black "Jiang, Nathan"]
[Result "0-1"]
[WhiteElo "1402"]
[BlackElo "1743"]
[EventRounds "5"]
[EventCountry "USA"]

1. d4 Nf6 2. c4 d6 3. Nf3 Nbd7 4. Nc3 e5 5. Bg5 Be7 6. e3 O-O 7. Be2 c6 8. O-O
Qc7 9. Rc1 Re8 10. Qc2 Nf8 11. Rfd1 Ng6 12. Bd3 Bg4 13. Bxg6 hxg6 14. e4 Bxf3
15. gxf3 Nh5 16. Be3 exd4 17. Rxd4 Bf6 18. Rd3 Be5 19. Ne2 Qc8 20. Rcd1 Qh3
21. f4 Qg4+ 22. Ng3 Nxf4 23. Bxf4 Bxf4 24. Re1 Re7 25. Kg2 Rae8 26. f3 Qg5 27.
Kf2 Qc5+ 28. Kg2 d5 29. b3 f5 30. Qd1 dxc4 31. Rc3 Qa5 32. Qc2 cxb3 33. Qxb3+
Kf8 34. Rd1 Bxg3 35. hxg3 Rd8 36. Rcd3 Rxd3 37. Qxd3 Qxa2+ 38. Rd2 Qe6 39. Kf2
Kf7 40. Re2 a5 41. exf5 Qxe2+ 42. Qxe2 Rxe2+ 43. Kxe2 gxf5 44. Kd3 Ke6 45. Kc4
a4 46. f4 b5+ 47. Kb4 c5+ 48. Ka3 Kd5 49. Kb2 b4 50. Ka2 Kd4 51. Kb2 Kd3 52.
Kb1 Kc3 53. Ka1 b3 54. Kb1 a3 55. g4 b2 56. g5 Kb3 57. g6 a2# 0-1

[Event "ICA Players Memorial"]
[Site "Boise, ID"]
[Date "2014.08.23"]
[Round "2.2"]
[White "Jiang, Nathan"]
[Black "Lang, Jamie"]
[Result "1-0"]
[WhiteElo "1743"]
[BlackElo "1474"]
[EventRounds "5"]
[EventCountry "USA"]

1. e4 e5 2. Nf3 Nc6 3. Bb5 a6 4. Ba4 d6 5. h3 Nf6 6. Nc3 b5 7. Bb3 b4 8. Ne2
Bb7 9. d3 h6 10. Ng3 d5 11. exd5 Nxd5 12. O-O Nf6 13. Re1 Be7 14. Nxe5 Nxe5
15. Rxe5 O-O 16. Nf5 Bd6 17. Nxd6 cxd6 18. Re1 d5 19. Bf4 a5 20. Ba4 Qb6 21.
Qd2 Bc6 22. Bxc6 Qxc6 23. a3 bxa3 24. Rxa3 a4 25. Qc3 Qxc3 26. Rxc3 Rfc8 27.
Be5 Rxc3 28. Bxc3 a3 29. bxa3 Rxa3 30. Bxf6 gxf6 31. Kf1 Rc3 32. Rc1 d4 33.
Ke2 Kf8 34. Kf3 Rc8 35. Ke4 Rd8 36. Ra1 Rc8 37. Rc1 Rd8 38. c4 dxc3 39. Rxc3
Re8+ 40. Kf3 Rd8 41. Ke3 Re8+ 42. Kd2 Rd8 43. Rc4 Kg7 44. Ke3 Re8+ 45. Re4 Rd8
46. d4 Rd5 47. Rg4+ Kf8 48. Ke4 Ra5 49. Rg3 f5+ 50. Kf4 Rd5 51. Rd3 f6 52. g4
fxg4 53. hxg4 Ke7 54. Ke4 Ke6 55. Rh3 f5+ 56. gxf5+ {#r} 1-0

[Event "ICA Players Memorial"]
[Site "Boise, ID"]
[Date "2014.08.23"]
[Round "3.2"]
[White "Jiang, Nathan"]
[Black "Buus, Jarod N"]
[Result "1/2-1/2"]
[WhiteElo "1743"]
[BlackElo "1514"]
[EventRounds "5"]
[EventCountry "USA"]

1. e4 c5 2. Nf3 d6 3. d4 cxd4 4. Nxd4 Nf6 5. Nc3 a6 6. Bg5 e6 7. f4 Be7 8. Qf3
Nbd7 9. Bc4 Nc5 10. O-O-O Qc7 11. Bb3 Nxb3+ 12. Nxb3 b5 13. Nd4 Bb7 14. a3 h6
15. Bxf6 Bxf6 16. f5 Ke7 17. fxe6 fxe6 18. Qg4 Qd7 19. Nce2 Rac8 20. Rhf1 Bg5+
21. Kb1 Rhf8 22. Rxf8 Rxf8 23. e5 Bd5 24. exd6+ Qxd6 25. h4 Bf6 26. Nf4 Be4
27. Nfxe6 Bxd4 28. Nxf8 Qc6 29. Rxd4 Qxc2+ 30. Ka2 Qb1+ 31. Kb3 Qc2+ 32. Ka2
{#d} 1/2-1/2

[Event "ICA Players Memorial"]
[Site "Boise, ID"]
[Date "2014.08.24"]
[Round "5.2"]
[White "Inman, James"]
[Black "Jiang, Nathan"]
[Result "0-1"]
[WhiteElo "1788"]
[BlackElo "1743"]
[EventRounds "5"]
[EventCountry "USA"]

1. d4 Nf6 2. c4 d6 3. Nf3 Nbd7 4. Nc3 e5 5. d5 Be7 6. e4 Nc5 7. Qc2 a5 8. Be3
b6 9. h3 O-O 10. Be2 h6 11. O-O Nh7 12. Nh2 Bg5 13. f4 exf4 14. Bxf4 Bxf4 15.
Rxf4 Qg5 16. Rf3 Nf6 17. Nf1 Nh5 18. Ne3 Nf4 19. Kh1 Re8 20. Bf1 Qe5 21. Re1
Nh5 22. Qf2 Re7 23. Nf5 Bxf5 24. Rxf5 Ng3+ 25. Kg1 Nxf5 26. Re2 Ng3 27. Re3
Nxf1 28. Kxf1 Qd4 29. Nb5 Qxc4+ 30. Qe2 Qxe2+ {#R} 0-1